Top 10 du Ballon d'Or - Années 2020 - Statistiques

Statistiques générales
  • Ce quiz a été pris 90 fois
  • Le résultat moyen est 26 sur 31
Statistiques - réponses
Pays Joueur % Correct
langfr-1920px-Flag_of_France.svg.png Kylian Mbappé
100%
langfr-1920px-Flag_of_France.svg.png Ousmane Dembélé
100%
langfr-1920px-Flag_of_Spain.svg.png Lamine Yamal
97%
langfr-1920px-Flag_of_Argentina.svg.png Lionel Messi
97%
langfr-1920px-Flag_of_Morocco.svg.png Achraf Hakimi
96%
langfr-1920px-Flag_of_France.svg.png Karim Benzema
96%
langfr-1920px-Flag_of_Belgium_%28civil%29.svg.png Kevin De Bruyne
96%
langfr-250px-Flag_of_Egypt.svg.png Mohamed Salah
96%
langfr-1920px-Flag_of_Spain.svg.png Rodri
96%
langfr-1920px-Flag_of_Portugal_%28official%29.svg.png Cristiano Ronaldo
95%
langfr-1920px-Flag_of_Norway.svg.png Erling Haaland
95%
langfr-1920px-Flag_of_Brazil.svg.png Vinícius Júnior
95%
langfr-1920px-Flag_of_Poland.svg.png Robert Lewandowski
94%
langfr-1920px-Flag_of_England.svg.png Harry Kane
92%
langfr-3840px-Flag_of_Croatia.svg.png Luka Modrić
91%
langfr-1920px-Flag_of_Portugal_%28official%29.svg.png Vitinha
91%
langfr-1920px-Flag_of_Senegal.svg.png Sadio Mané
87%
langfr-1920px-Flag_of_England.svg.png Jude Bellingham
81%
langfr-1920px-Flag_of_Portugal_%28official%29.svg.png Nuno Mendes
81%
langfr-1920px-Flag_of_Belgium_%28civil%29.svg.png Thibaut Courtois
78%
langfr-1920px-Flag_of_Argentina.svg.png Lautaro Martínez
77%
langfr-1920px-Flag_of_Italy.svg.png Jorginho
75%
langfr-1920px-Flag_of_France.svg.png N'Golo Kanté
75%
Flag_of_Nigeria.svg Victor Osimhen
73%
langfr-1920px-Flag_of_Brazil.svg.png Raphinha
72%
langfr-1920px-Flag_of_Italy.svg.png Gianluigi Donnarumma
68%
langfr-1920px-Flag_of_England.svg.png Cole Palmer
61%
langfr-1920px-Flag_of_Spain.svg.png Dani Carvajal
61%
langfr-1920px-Flag_of_Argentina.svg.png Julián Alvarez
61%
langfr-1920px-Flag_of_Portugal_%28official%29.svg.png Bernardo Silva
58%
langfr-1920px-Flag_of_Germany.svg.png Toni Kroos
58%
Aucun quiz correspondant
Distribution des résultats
% des personnes avec chaque résultat
Percentile par nombre de réponses
Votre historique - résultats
Vous n’avez pas pris ce quiz